<?xml version="1.0" encoding="UTF-8"?><?xml-stylesheet type="text/xsl" href="static/style.xsl"?><OAI-PMH xmlns="http://www.openarchives.org/OAI/2.0/" xmlns:xsi="http://www.w3.org/2001/XMLSchema-instance" xsi:schemaLocation="http://www.openarchives.org/OAI/2.0/ http://www.openarchives.org/OAI/2.0/OAI-PMH.xsd"><responseDate>2026-04-13T07:00:42Z</responseDate><request verb="GetRecord" identifier="oai:www.recercat.cat:2445/228034" metadataPrefix="marc">https://recercat.cat/oai/request</request><GetRecord><record><header><identifier>oai:recercat.cat:2445/228034</identifier><datestamp>2026-04-08T14:10:29Z</datestamp><setSpec>com_2072_1057</setSpec><setSpec>col_2072_478917</setSpec><setSpec>col_2072_478918</setSpec></header><metadata><record xmlns="http://www.loc.gov/MARC21/slim" xmlns:dcterms="http://purl.org/dc/terms/" xmlns:xsi="http://www.w3.org/2001/XMLSchema-instance" xmlns:doc="http://www.lyncode.com/xoai" xsi:schemaLocation="http://www.loc.gov/MARC21/slim http://www.loc.gov/standards/marcxml/schema/MARC21slim.xsd">
   <leader>00925njm 22002777a 4500</leader>
   <datafield ind2=" " ind1=" " tag="042">
      <subfield code="a">dc</subfield>
   </datafield>
   <datafield ind2=" " ind1=" " tag="720">
      <subfield code="a">Escoda, Clara</subfield>
      <subfield code="e">author</subfield>
   </datafield>
   <datafield ind2=" " ind1=" " tag="260">
      <subfield code="c">2026-03-12T12:20:44Z</subfield>
   </datafield>
   <datafield ind2=" " ind1=" " tag="260">
      <subfield code="c">2026-03-12T12:20:44Z</subfield>
   </datafield>
   <datafield ind2=" " ind1=" " tag="260">
      <subfield code="c">2018</subfield>
   </datafield>
   <datafield ind2=" " ind1=" " tag="260">
      <subfield code="c">2026-03-12T12:20:50Z</subfield>
   </datafield>
   <datafield ind2=" " ind1=" " tag="520">
      <subfield code="a">Este artículo, desarrollado en el marco del proyecto British Theatre in the Twenty First Century: Crisis, Affect, Community (2017–2020), ofrece una de las primeras aproximaciones académicas de alcance internacional a Many Moons (2011), de la dramaturga británica Alice Birch. El estudio sitúa la obra en el contexto del giro afectivo y analiza su capacidad para interrumpir los affects mediados de las sociedades capitalistas contemporáneas. Para ello examina dos estrategias que la pieza despliega como utopian performatives: los momentos de “radical naivety” de los personajes y la dramatización de un encuentro cara a cara entre Meg y Robert, que desestabiliza la distribución dominante de lo sensible y abre la posibilidad de nuevas formas de relación y comunidad.El artículo muestra cómo Birch moviliza afectos, vulnerabilidad e intimidad para generar conexiones emocionales entre personajes y espectadores, proponiendo una crítica a las economías afectivas del neoliberalismo y esbozando una “nueva topología afectiva de lo posible”. Asimismo, destaca el carácter experimental de su dramaturgia —fragmentación discursiva, multiplicidad de voces, narrativas no lineales— como reflejo de la precariedad afectiva y social de la vida contemporánea.Esta lectura constituye la primera aplicación sistemática del giro afectivo al análisis de Many Moons, introduciendo una perspectiva ética y utópica inédita en los estudios sobre Birch y abriendo una línea de investigación posteriormente desarrollada por especialistas internacionales. En conjunto, el artículo consolida mi especialización en afectos, ética y subjetividad política en el teatro británico del siglo XXI, especialmente en dramaturgias contemporáneas escritas por mujeres, y se integra de manera coherente en una trayectoria investigadora que incluye trabajos sobre Martin Crimp, Alice Birch y Kae Tempest.</subfield>
   </datafield>
   <datafield tag="653" ind2=" " ind1=" ">
      <subfield code="a">Ètica</subfield>
   </datafield>
   <datafield tag="653" ind2=" " ind1=" ">
      <subfield code="a">Teatre</subfield>
   </datafield>
   <datafield tag="653" ind2=" " ind1=" ">
      <subfield code="a">Anglaterra</subfield>
   </datafield>
   <datafield tag="653" ind2=" " ind1=" ">
      <subfield code="a">Ethics</subfield>
   </datafield>
   <datafield tag="653" ind2=" " ind1=" ">
      <subfield code="a">Theater</subfield>
   </datafield>
   <datafield tag="653" ind2=" " ind1=" ">
      <subfield code="a">England</subfield>
   </datafield>
   <datafield ind2="0" ind1="0" tag="245">
      <subfield code="a">''Her Heart knows my Heart for a brief Moment': Mediated Affect and Utopian Impulse in Many Moons (2011) by Alice Birch'</subfield>
   </datafield>
</record></metadata></record></GetRecord></OAI-PMH>